000 00899nam a2200253 a 4500
005 20160201162742.0
008 140304b2000 ck abodfr|||| 00| 0 spa d
020 _a9589117872
040 _aCO-BoIAVH
_cCO-BoIAVH
041 0 _aspa
044 _ack
082 0 4 _a582.09861
_bL79f
100 1 _aLlanos Henriquez, Fany
245 1 0 _aFlora de la región norte del departamento del Huila 2:
_bMunicipio de Colombia /
_cFany Llanos Henriquez
260 _aNeiva (Huila), Colombia :
_bUniversidad Surcolombiana ,
_c2000.
300 _a96 páginas :
_bIlustraciones, mapas, fotografías ;
_c24 x17 cm
650 6 _aFlora
_zHuila (Colombia)
650 6 _aFlora
_xInventarios
650 6 _aVegetación
_v Clasificación
_zHuila (Colombia)
662 _aColombia
_dRivera
_bHuila
662 _aColombia
_dPalermo
_bHuila
710 2 _aHerbario SURCO
942 _cLIBRO
_2ddc
999 _c2098
_d2098